Statystyki dla Najmniejsze państwa z każdego kontynentu

Kliknij tutaj aby rozwiązać quiz!

Ogólne statystyki

  • Ten quiz został rozwiązany 56 razy
  • Średni wynik to 4 z 6

Statystyki odpowiedzi

KontynentPaństwo% Poprawnych
EuropaWatykan
98%
Australia i OceaniaNauru
67%
Ameryka PołudniowaSurinam
63%
Ameryka PółnocnaSaint Kitts i Nevis
56%
AfrykaSeszele
56%
AzjaMalediwy
54%

Rozkład punktacji

Percentyl według liczby udzielonych odpowiedzi

Procent ludzi z każdym wynikiem

Twoja historia wyników

Nie rozwiązałeś tego quizu